000 00314nam a2200109Ia 4500
008 160531s9999 xx 000 0 und d
100 _aLu, Ru-Band.
245 _aEffects of Antidepressants
245 _cby Ru-Band Lu (ed.)
260 _c2012
856 _uhttp://www.intechopen.com/books/effects-of-antidepressants
999 _c295482
_d295482